Common documentation of the pilot course Leonardo da Vinci : Elefants : Education and Culture #2

Bibliographic Details
Main Authors: Hájek, J. (Author), Hrad, J. (Author), Zeman, T. (Author)
Format: Book
Language:English
PhysicalDescription:21 s. fotogr., sch. 21 cm
Published: Nitra Agrogenofond 2007
ISBN:9788089240111
Edition:1st ed.
Subjects:

MARC

LEADER 00000nam a2200000 a 4500
001 vtls009289600
003 SK-MaSNL
005 20260301081617.0
008 240315s2007 xo ol d f 000 0 eng
015 |a SNBA2008/06-02549 
020 |a 9788089240111  |q (brož.) 
035 |a B394879A-4AE2-47B6-8F0D-CBA734D2B368 
035 |a urn:nbn:sk:snk-amk7qo 
035 |a urn:nbn:sk:snk-am008j5m 
040 |a SNK  |b slo  |c SNK  |e AACR2 
041 0 |a eng 
044 |a xo  |c SK 
072 7 |a 004.4/.6  |x Programové vybavenie. Programové prostriedky  |2 konspekt 
080 |a 005.591  |2 2001 
080 |a 004.659  |2 2001 
080 |a (035)  |2 2001 
100 1 |a Hájek, J.  |4 aut  |9 405164 
245 1 0 |a Common documentation of the pilot course  |n #2  |b Leonardo da Vinci : Elefants : Education and Culture  |c [authors: J. Hájek, J. Hrad, T. Zeman] 
250 |a 1st ed. 
260 |a Nitra  |b Agrogenofond  |c 2007 
300 |a 21 s.  |b fotogr., sch.  |c 21 cm 
366 |e 72 výt. 
500 |a Názov z obalu 
630 0 7 |a Elefants (projekt)  |2 SNKPH  |9 114756 
650 0 7 |a programy a projekty  |2 SNKPH  |9 82765 
650 0 7 |a vyhľadávacie systémy  |2 SNKPH  |9 2791 
655 7 |a príručky  |2 SNKPH  |9 74364 
700 1 |a Hrad, J.  |4 aut  |9 405165 
700 1 |a Zeman, T.  |4 aut  |9 405166 
919 |a 978-80-89240-11-1 
968 |d 0 
999 |c 656342  |d 658272 
952 |a SNK  |b SNK  |y PREZ  |7 0  |p 17A0586998  |o snkSC 131820/2  |i snk2008/9380  |8 0  |0 0  |1 0  |4 0  |d 2008-04-25  |f 1  |l 0  |r 2025-06-23 00:00:00  |w 2026-02-23 
952 |a SNK  |b SNK  |y VYP  |7 0  |p 17A0586940  |o snkSC 131820/2 D1  |i snk2008/9381  |8 0  |0 0  |1 0  |4 0  |d 2008-04-25  |l 0  |r 2026-02-23 18:37:26  |w 2026-02-23